Lithium Market in Chile
Trh s lítiom v Čile. Po definovaní základných trendov vo svete, priblíženie súčasných zásob a produkcie lítia v Čile a v ostatných krajinách. Čile dominuje na popredných priečkach trhu s lítiom vo svete vo všetkých kategóriách.
Salvato in:
| Autore principale: | |
|---|---|
| Natura: | Capitolo di libro |
| Lingua: | inglese |
| Soggetti: | |
| Tags: |
Nessun Tag, puoi essere il primo ad aggiungerne!!
|
MARC
| LEADER | 00000naa$a2200000$$$4500 | ||
|---|---|---|---|
| 001 | 0295803 | ||
| 005 | 20240502074507.5 | ||
| 041 | 0 | |a eng | |
| 044 | |a SK | ||
| 245 | 1 | 0 | |a Lithium Market in Chile |c Barbora Janubová |
| 520 | |a Trh s lítiom v Čile. Po definovaní základných trendov vo svete, priblíženie súčasných zásob a produkcie lítia v Čile a v ostatných krajinách. Čile dominuje na popredných priečkach trhu s lítiom vo svete vo všetkých kategóriách. | ||
| 610 | 2 | 0 | |a Čile |
| 610 | 2 | 0 | |a zásoby |
| 610 | 2 | 0 | |a porovnanie medzinárodné |
| 610 | 2 | 0 | |a produkcia |
| 610 | 2 | 0 | |a kovopriemysel |
| 610 | 2 | 0 | |a kovy |
| 610 | 2 | 0 | |a prostredie životné |
| 100 | 1 | |a Janubová, Barbora, 1991- | |